000 00772nas a2200253 4500
001 BR0904062
003 BR-BrBNA
005 20231205113231.0
007 ta
008 230509b bl.|||p| |||| 00| 00por d
040 _aBR-BrBNA
_bpor
_cBiblioteca Nacional de Agricultura
041 _a(Pt)
072 _aF04
100 1 _aLaviola, B.G.
100 1 _aMartinez, H.E.P.
100 1 _aSouza, R.B. de
100 1 _aVenegas, V.H.A.
245 1 _aDinâmica de NEK em folhas, flores e frutos de cafeeiro arábico em três níveis de adubação.
650 _aCAFÉ
650 _aADUBAÇÃO
773 0 _tBioscience Journal (Brazil)
_xISSN 1516-3725
_g(Sep-Dec 2006), v. 22(3) p. 33-47
_wBR0904062
909 _a202311
_bLúcia
_c55
_dLúcia Elande
942 _2AGRIS
_n0
_cANA
999 _c202607
_d202607